| 000 | 02185cam a22004817i 4500 | ||
|---|---|---|---|
| 001 | data | ||
| 005 | 20260322212118.0 | ||
| 008 | data | ||
| 035 | _a20627809 | ||
| 906 |
_a7 _bcbc _ccopycat _d2 _encip _f20 _gy-gencatlg |
||
| 925 | 0 |
_aacquire _b1 shelf copy _xpolicy default |
|
| 010 | _a 2018288125 | ||
| 020 | _a9781465475565 | ||
| 020 | _a1465475567 | ||
| 035 | _a(OCoLC)1032161580 | ||
| 040 |
_aPNX _beng _cPNX _erda _dDLC _dDPL _dYDX _dBDX _dOCLCF _dD9M _dIMT _dDLC |
||
| 042 | _alccopycat | ||
| 050 | 0 | 0 |
_aBD21 _b.L57 2018 |
| 082 | 0 | 4 |
_a100 _223 |
| 245 | 0 | 4 |
_aThe little book of philosophy / _ceditors, Cecile Landau, Andrew Szudek, Sarah Tomley ; illustrations, James Graham ; contributors, Will Buckingham, Douglas Burnham, Clive Hill [and three others]. |
| 250 | _a[Abridged edition]. | ||
| 264 | 1 |
_aNew York, New York : _bDK Publishing, _c2018. |
|
| 300 |
_a199 pages : _billustrations ; _c20 cm |
||
| 336 |
_atext _2rdacontent |
||
| 337 |
_aunmediated _2rdamedia |
||
| 338 |
_avolume _2rdacarrier |
||
| 500 | _aIncludes index. | ||
| 500 | _a"Content previously published in The Philosophy Book"--Title page verso. | ||
| 505 | 0 | _aThe ancient world, 700 BCE-250 BCE -- Medieval and Renaissance thought, 250-1750 -- The age of revolution, 1750-1900 -- The modern world, 1900-present. | |
| 520 | _a"How did the universe begin? What is truth? How can we live good live? The Little Book of Philosophy answers these questions and more. Packed with simple explanations, witty illustrations, and step-by-step diagrams that untangle complex theories, you'll find plenty of food for thought in this book, whether you're a novice, a student, or an armchair philosopher"--Page 4 of cover. | ||
| 650 | 0 | _aPhilosophy. | |
| 650 | 4 | _aPhilosophy. | |
| 650 | 7 |
_aPhilosophy. _2fast _0(OCoLC)fst01060777 |
|
| 700 | 1 |
_aLandau, Cecile _c(Editor), _eeditor. |
|
| 700 | 1 |
_aSzudek, Andrew _q(Andy) _eeditor. |
|
| 700 | 1 |
_aTomley, Sarah, _eeditor. |
|
| 700 | 1 |
_aGraham, James _c(Illustrator) |
|
| 700 | 1 | _aBuckingham, Will. | |
| 700 | 1 | _aBurnham, Douglas. | |
| 700 | 1 | _aHill, Clive. | |
| 730 | 0 | _aPhilosophy book. | |
| 999 |
_c1800 _d1800 |
||